| 000 | 00614nam a2200193 i 4500 | ||
|---|---|---|---|
| 001 | 111444 | ||
| 003 | ES-MaACL | ||
| 005 | 20251014063145.0 | ||
| 007 | t| | ||
| 008 | 061121s1946 po r ||||1| por d | ||
| 100 | 1 |
_aMartins, Oliveira, _d1845-1894 _9129586 |
|
| 245 | 1 | 0 |
_aAs eleiçoes / _cJoaquín Pedro Oliveira Martins ; com um estudo-prefacio por F.A. Oliveira Martins. |
| 250 | _a2ª. ed. | ||
| 260 |
_aLisboa : _bLogos, _c1946. |
||
| 300 |
_a66 p. ; _c24 cm. |
||
| 700 | 1 |
_aMartins, F. A. de Oliveira, _d1903-1978 _9153677 |
|
| 852 |
_aES-MaACL _j1895-F-5 _bR.27146 |
||
| 999 |
_c111444 _d111444 |
||